[Event "Tournoi Skype 013A"]
[Site "Skype"]
[Date "????.??.??"]
[Round "4.26"]
[White "Hague, Mark"]
[Black "Trivedi, Viral"]
[Result "0-1"]
[WhiteElo "1442"]
[BlackElo "1509"]
[PlyCount "72"]

1. c4 d5 2. cxd5 Qxd5 3. Nc3 Qa5 4. e3 c6 5. Nf3 Bf5 6. Qb3 Qc7 7. Bc4 e6 8.
O-O Bd6 9. h3 Nd7 10. e4 Bg6 11. d4 c5 12. d5 exd5 13. Nxd5 Qb8 14. Re1 Ngf6
15. Nxf6+ gxf6 16. Bh6 Ne5 17. Nxe5 Bxe5 18. Rad1 a6 19. Rd7 Kxd7 20. Bxf7 Bd4
21. Qe6+ Kc7 22. Bf4+ Be5 23. Bxe5+ fxe5 24. Qxe5+ Kb6 25. Qe6+ Ka7 26. Bxg6
hxg6 27. Qxg6 Qg8 28. Qxg8 Raxg8 29. f4 Rxh3 30. Kf2 Rhg3 31. Rg1 Rd3 32. Ke2
Rd4 33. Ke3 Rg3+ 34. Kf2 Rgd3 35. Rc1 Rd2+ 36. Ke3 R4d3# 0-1

[Event "Tournoi Skype 013A"]
[Site "Skype"]
[Date "????.??.??"]
[Round "4.27"]
[White "Dubois, Real"]
[Black "Le Brun, Yves"]
[Result "0-1"]
[WhiteElo "1543"]
[BlackElo "1589"]
[PlyCount "64"]

1. d4 Nf6 2. e3 e6 3. Nf3 d5 4. Bd3 Nbd7 5. c3 h6 6. Qc2 Bd6 7. Nbd2 O-O 8. O-O
Re8 9. Re1 e5 10. dxe5 Nxe5 11. Nxe5 Bxe5 12. Nf3 Bd6 13. h3 a6 14. c4 dxc4 15.
Bxc4 Be6 16. Bxe6 Rxe6 17. b3 Qe7 18. Bb2 Ne4 19. Rad1 Bb4 20. Re2 Rc6 21. Qb1
Rd8 22. Rxd8+ Qxd8 23. Qxe4 Qd1+ 24. Re1 Bxe1 25. Qe8+ Kh7 26. Kh2 Bxf2 27.
Qxf7 Qd6+ 28. Be5 Qg6 29. Qf4 Rc1 30. Nh4 Bg1+ 31. Kh1 Bxe3+ 32. Kh2 Bxf4+ 0-1

[Event "Tournoi Skype 013A"]
[Site "Skype"]
[Date "????.??.??"]
[Round "5.1"]
[White "Yildirim, Cagri"]
[Black "Patra Kumar, Subhendu"]
[Result "1-0"]
[WhiteElo "1499"]
[BlackElo "1671"]
[PlyCount "65"]

1. e4 Nf6 2. e5 Nd5 3. d4 d6 4. f4 dxe5 5. fxe5 Bf5 6. Nf3 e6 7. a3 c5 8. Bb5+
Nc6 9. O-O Be7 10. c4 Nc7 11. Ba4 O-O 12. Bxc6 bxc6 13. Be3 Na6 14. Nc3 Bg4 15.
d5 cxd5 16. cxd5 exd5 17. Nxd5 Nc7 18. Nxe7+ Qxe7 19. Qd6 Qxd6 20. exd6 Ne6 21.
Ne5 Be2 22. Rfe1 Bb5 23. a4 f6 24. axb5 fxe5 25. Bf2 Rf5 26. b6 a5 27. g4 Rg5
28. h3 Nd4 29. Bxd4 exd4 30. d7 Kf8 31. b7 Rd8 32. Re8+ Rxe8 33. Rf1+ 1-0

[Event "Tournoi Skype 013A"]
[Site "Skype"]
[Date "????.??.??"]
[Round "5.2"]
[White "Janssen, Gerard"]
[Black "Plourde, Alain"]
[Result "1/2-1/2"]
[WhiteElo "1681"]
[BlackElo "1878"]
[PlyCount "106"]

1. d4 Nf6 2. c4 e6 3. Nc3 Bb4 4. Nf3 b6 5. e3 Bb7 6. Bd3 O-O 7. O-O d6 8. Ng5
Bxc3 9. bxc3 h6 10. Nh3 c5 11. a4 Nc6 12. Qc2 Na5 13. Rd1 Qe7 14. e4 e5 15. Bb2
Ba6 16. Qe2 Bc8 17. f3 Bxh3 18. gxh3 Nh5 19. Qf1 Qg5+ 20. Kh1 Nf4 21. Bc1 Qh4
22. Bxf4 Qxf4 23. Qg2 Qg5 24. Ra2 Qxg2+ 25. Rxg2 g5 26. h4 f6 27. hxg5 fxg5 28.
h4 Rxf3 29. hxg5 Rxd3 30. Rxd3 Rf8 31. Rh3 Rf7 32. gxh6+ Kh7 33. Rg5 Nxc4 34.
Rf5 Rd7 35. Rf6 cxd4 36. cxd4 exd4 37. Rd3 a6 38. Rxd4 b5 39. axb5 axb5 40. Kh2
Rc7 41. Kg3 b4 42. Kf4 b3 43. Rd1 b2 44. Kg5 Nd2 45. Rxd6 b1=Q 46. Rxb1 Nxb1
47. e5 Nc3 48. Kf5 Rf7+ 49. Rf6 Rxf6+ 50. exf6 Kxh6 51. Ke6 Ne4 52. Ke7 Ng5 53.
f7 Nxf7 1/2-1/2

[Event "Tournoi Skype 013A"]
[Site "Skype"]
[Date "????.??.??"]
[Round "5.3"]
[White "Sanchez Munoz, Carlos Andres"]
[Black "Segura Lozano, Marcos Antonio"]
[Result "1-0"]
[WhiteElo "1790"]
[BlackElo "1989"]
[PlyCount "31"]

1. e4 c6 2. c4 d5 3. exd5 cxd5 4. cxd5 Nf6 5. Qa4+ Bd7 6. Qb3 Qc7 7. Nc3 e6 8.
Bc4 Bc5 9. dxe6 Qe5+ 10. Nge2 Bxf2+ 11. Kxf2 Ng4+ 12. Ke1 fxe6 13. h3 O-O 14.
hxg4 Qf6 15. Ne4 Qe5 16. d4 1-0

[Event "Tournoi Skype 013A"]
[Site "Skype"]
[Date "????.??.??"]
[Round "5.4"]
[White "Hilton, Stephen"]
[Black "Salazar Ticeran, Antonio"]
[Result "0-1"]
[WhiteElo "1952"]
[BlackElo "1868"]
[PlyCount "66"]

1. d4 Nf6 2. c4 g6 3. Nc3 Bg7 4. e4 d6 5. Be2 O-O 6. Bg5 Nc6 7. h3 e5 8. d5 Ne7
9. Nf3 Ne8 10. Qd2 f5 11. exf5 gxf5 12. O-O-O f4 13. Bd3 Nf6 14. Qc2 h6 15. Bh4
Qd7 16. Bxf6 Bxf6 17. Ne4 Nf5 18. c5 Qf7 19. g4 fxg3 20. Nxg3 Nxg3 21. fxg3
dxc5 22. Rdf1 Qg7 23. Qxc5 b6 24. Qc2 Bb7 25. Qb3 Kh8 26. Be4 Qxg3 27. Kb1 Qf4
28. Qd3 Ba6 29. Qxa6 Qxe4+ 30. Ka1 Qxd5 31. Qe2 Rae8 32. h4 e4 33. Rd1 exf3 0-1

[Event "Tournoi Skype 013A"]
[Site "Skype"]
[Date "????.??.??"]
[Round "5.5"]
[White "Lambert, Pierre"]
[Black "Brun, Jacques"]
[Result "0-1"]
[WhiteElo "1916"]
[BlackElo "1831"]
[PlyCount "74"]

1. e4 c5 2. Nf3 Nc6 3. Bb5 Nd4 4. Nxd4 cxd4 5. c3 Qb6 6. Bc4 g6 7. Qf3 e6 8.
O-O Bg7 9. Na3 a6 10. Re1 Ne7 11. d3 dxc3 12. bxc3 Bxc3 13. Rb1 Qc7 14. Re2 Bg7
15. Rc2 Nc6 16. Be3 O-O 17. Bb3 b5 18. d4 Qa5 19. d5 Ne5 20. Qd1 Bb7 21. Bc5
Rfc8 22. Bd6 Rxc2 23. Nxc2 Qb6 24. Ba3 Rc8 25. Ne3 b4 26. Bb2 g5 27. h3 a5 28.
Bxe5 Bxe5 29. Nc4 Qc7 30. Nxe5 Qxe5 31. Ba4 Qxe4 32. Bxd7 Bxd5 33. f3 Qe3+ 34.
Kh1 Rc3 35. Ba4 Rd3 36. Qc1 Qxc1+ 37. Rxc1 Bxa2 0-1

[Event "Tournoi Skype 013A"]
[Site "Skype"]
[Date "????.??.??"]
[Round "5.6"]
[White "Karlsen, Christian"]
[Black "Deville, Olivier"]
[Result "1-0"]
[WhiteElo "1714"]
[BlackElo "1896"]
[PlyCount "73"]

1. c4 c5 2. g3 Nc6 3. Nf3 e5 4. d3 g6 5. Nc3 Bg7 6. Bg2 Nge7 7. O-O O-O 8. a3
d6 9. Rb1 a5 10. Bd2 h6 11. Qc1 Kh7 12. Qc2 Be6 13. b3 Rc8 14. Nb5 d5 15. Rbd1
d4 16. Rb1 Qd7 17. Rfe1 f5 18. Rbd1 g5 19. Bc1 e4 20. dxe4 fxe4 21. Nd2 d3 22.
Bxe4+ Bf5 23. Qxd3 Qxd3 24. exd3 Ne5 25. Bxb7 Rb8 26. Bg2 Bxd3 27. f4 gxf4 28.
Nf3 Bc2 29. Nxe5 Bxd1 30. Nd7 f3 31. Rxe7 fxg2 32. Bb2 Rg8 33. Nxb8 Bxb3 34.
Nd7 Kh8 35. Rxg7 Rxg7 36. Nxc5 Bxc4 37. Nd6 1-0

[Event "Tournoi Skype 013A"]
[Site "Skype"]
[Date "????.??.??"]
[Round "5.7"]
[White "Ergin, Ahmet"]
[Black "Altinok, Kerim"]
[Result "1/2-1/2"]
[WhiteElo "1711"]
[BlackElo "1883"]
[PlyCount "67"]

1. e4 c6 2. c4 d5 3. cxd5 cxd5 4. exd5 Nf6 5. Nc3 Nxd5 6. Nf3 Nc6 7. Bb5 Nxc3
8. bxc3 Bd7 9. d4 e6 10. O-O Be7 11. Re1 O-O 12. Qe2 Bf6 13. Bd3 Qe7 14. h4 g6
15. Rb1 b6 16. Ng5 Rfd8 17. Qf3 Bg7 18. h5 Qf6 19. hxg6 fxg6 20. Qxf6 Bxf6 21.
Nxe6 Re8 22. Bc4 Kh8 23. Bb2 Rac8 24. Bd5 Ne7 25. Bf3 Nf5 26. Nf4 Nd6 27. Nd5
Bg7 28. Ne7 Rcd8 29. Nc6 Bxc6 30. Bxc6 Rxe1+ 31. Rxe1 Rc8 32. d5 Nc4 33. Ba1
Ne5 34. Bb7 1/2-1/2

[Event "Tournoi Skype 013A"]
[Site "Skype"]
[Date "????.??.??"]
[Round "5.8"]
[White "Belouin, Alexis"]
[Black "Altinok, Selim"]
[Result "0-1"]
[WhiteElo "1479"]
[BlackElo "1875"]
[PlyCount "56"]

1. e4 c6 2. d4 d5 3. e5 Bf5 4. Nf3 e6 5. c4 dxc4 6. Bxc4 Nd7 7. O-O Nb6 8. b3
Ne7 9. a4 a5 10. Nc3 Ned5 11. Bd2 Nb4 12. Na2 Nc2 13. Rc1 Nxd4 14. Be3 Nxf3+
15. Qxf3 Nxc4 16. Rxc4 Be7 17. Rd4 Qc7 18. Qg3 O-O 19. Bh6 Bg6 20. Bf4 Rad8 21.
Rfd1 Bc5 22. R4d2 Rxd2 23. Rxd2 Rd8 24. h3 Rxd2 25. Bxd2 Qd8 26. Qc3 Bd4 27.
Qg3 h6 28. Bg5 hxg5 0-1

[Event "Tournoi Skype 013A"]
[Site "Skype"]
[Date "????.??.??"]
[Round "5.9"]
[White "Karia, Vijay"]
[Black "Jacquelin, Norbert"]
[Result "0-1"]
[WhiteElo "1540"]
[BlackElo "1856"]
[PlyCount "102"]

1. e4 e5 2. Nf3 Nf6 3. Nc3 Nc6 4. Bc4 Nxe4 5. Nxe4 d5 6. Bb5 dxe4 7. Nxe5 Qd5
8. Bxc6+ bxc6 9. Ng4 Bxg4 10. Qxg4 f5 11. Qg5 Qf7 12. O-O Be7 13. Qf4 Bd6 14.
Qe3 O-O 15. f4 Qh5 16. b3 g5 17. Qg3 h6 18. Bb2 Kh7 19. Qc3 Rf7 20. Qxc6 Rg8
21. Be5 gxf4 22. Bxf4 Bxf4 23. Rxf4 Rxg2+ 24. Kxg2 Qg5+ 25. Kh1 Qxf4 26. Qc3
Rd7 27. Rg1 Qf3+ 28. Qxf3 exf3 29. d3 Re7 30. Rf1 Re3 31. Kg1 Kg6 32. Kf2 Re2+
33. Kxf3 Rxc2 34. Rf2 Rc3 35. Ke3 Kf6 36. Kd4 Rc6 37. Re2 Rd6+ 38. Ke3 Re6+ 39.
Kf3 Rxe2 40. Kxe2 Ke5 41. Ke3 c5 42. h4 h5 43. a3 a5 44. a4 f4+ 45. Kf3 Kf5 46.
Kf2 Kg4 47. Kg2 f3+ 48. Kf2 Kf4 49. b4 cxb4 50. d4 b3 51. d5 b2 0-1

[Event "Tournoi Skype 013A"]
[Site "Skype"]
[Date "????.??.??"]
[Round "5.10"]
[White "Rico Hernandez, Edgar"]
[Black "Bujko, Imrich"]
[Result "1/2-1/2"]
[WhiteElo "1850"]
[BlackElo "1499"]
[PlyCount "58"]

1. d4 Nf6 2. c4 g6 3. Nc3 d5 4. Nf3 Bg7 5. e3 c6 6. Bd3 O-O 7. O-O a6 8. Qc2
Bg4 9. Ne5 Be6 10. b3 c5 11. Bb2 cxd4 12. exd4 dxc4 13. Nxc4 Nc6 14. Ne2 Nb4
15. Qd2 Nxd3 16. Qxd3 Rc8 17. Rac1 Bh6 18. f4 Nd5 19. a3 b5 20. Ne5 f6 21. Nf3
Nxf4 22. Nxf4 Bxf4 23. Rce1 Bd5 24. Nh4 Bh6 25. Rf2 Qd6 26. Rfe2 e6 27. Nf3 Bg7
28. Nd2 e5 29. dxe5 fxe5 1/2-1/2

[Event "Tournoi Skype 013A"]
[Site "Skype"]
[Date "????.??.??"]
[Round "5.12"]
[White "De Leener, Luc"]
[Black "Hervais, Adrien"]
[Result "0-1"]
[WhiteElo "1634"]
[BlackElo "2069"]
[PlyCount "40"]

1. e4 e6 2. d4 d5 3. e5 c5 4. c3 Nc6 5. Nf3 cxd4 6. cxd4 Qb6 7. Bd3 Bd7 8. O-O
Nxd4 9. Nxd4 Qxd4 10. Nc3 Qxe5 11. Re1 Qd6 12. Nxd5 Qxd5 13. Qe2 Bc6 14. f3
Bc5+ 15. Be3 Bxe3+ 16. Qxe3 Rd8 17. Be4 Qd4 18. Bxc6+ bxc6 19. Qxd4 Rxd4 20.
Rac1 Ne7 0-1

 Ne7 0-1

[Event "Tournoi Skype 013A"]
[Site "Skype"]
[Date "????.??.??"]
[Round "5.13"]
[White "Engstrom, Olle"]
[Black "Meyer, Eric"]
[Result "1/2-1/2"]
[WhiteElo "1639"]
[BlackElo "1755"]
[PlyCount "65"]

1. d4 Nf6 2. c4 e6 3. Nf3 b6 4. g3 Bb7 5. Bg2 Bb4+ 6. Bd2 Bxd2+ 7. Nbxd2 d6 8.
O-O O-O 9. Nh4 Bxg2 10. Nxg2 Nbd7 11. e4 e5 12. dxe5 dxe5 13. Qc2 Nc5 14. Rad1
Qe7 15. Ne3 Rfd8 16. Nd5 Qd6 17. b4 Nb7 18. Nxf6+ Qxf6 19. Kg2 c5 20. b5 Qe7
21. Nf3 Rd6 22. Rd5 Rad8 23. Rxe5 Qc7 24. Rd1 f6 25. Red5 Na5 26. Qe2 Rxd5 27.
Rxd5 Nb7 28. Qd3 Qe7 29. Rxd8+ Nxd8 30. Qd5+ Nf7 31. Qa8+ Nd8 32. Qd5+ Nf7 33.
Qa8+ 1/2-1/2

[Event "Tournoi Skype 013A"]
[Site "Skype"]
[Date "????.??.??"]
[Round "5.14"]
[White "Murgia, Stefano"]
[Black "Mulrooney, Justin"]
[Result "1-0"]
[WhiteElo "1681"]
[BlackElo "1624"]
[PlyCount "57"]

1. e4 e6 2. d4 d5 3. Nc3 Nf6 4. e5 Nfd7 5. f4 Be7 6. Qg4 O-O 7. Nf3 c5 8. Bd3
Nc6 9. Be3 f5 10. Qg3 a6 11. h4 c4 12. Be2 Nb4 13. Bd1 Nc6 14. Ne2 Qb6 15. Bd2
Qxb2 16. Bc3 Bb4 17. Bxb4 Nxb4 18. Rc1 Nxa2 19. Ng5 Nb6 20. Nxh7 Kxh7 21. h5
Qb4+ 22. c3 Qe7 23. Qg6+ Kg8 24. Rb1 Qf7 25. Qg5 Nd7 26. h6 b5 27. Rb2 Nxc3 28.
Nxc3 Rb8 29. Bh5 1-0

[Event "Tournoi Skype 013A"]
[Site "Skype"]
[Date "????.??.??"]
[Round "5.15"]
[White "Carballo, Jorge"]
[Black "Casey, Eamonn"]
[Result "0-1"]
[WhiteElo "1499"]
[BlackElo "1662"]
[PlyCount "68"]

1. e4 e6 2. d4 d5 3. exd5 exd5 4. Nf3 Nf6 5. Bg5 Be7 6. Bd3 O-O 7. O-O Nbd7 8.
Re1 c5 9. c3 Qb6 10. b3 cxd4 11. cxd4 Bb4 12. Nbd2 h6 13. Bxf6 Nxf6 14. a3 Bd6
15. Nf1 Bg4 16. Ng3 Bxf3 17. gxf3 Rfe8 18. Nf5 Bf4 19. Ne3 Qc7 20. Nf1 Rxe1 21.
Qxe1 Re8 22. Qb4 Bd6 23. Qd2 Qe7 24. Bb5 Rc8 25. Re1 Qc7 26. b4 Bf4 27. Qe2 Qc3
28. Qe7 a6 29. Bd7 Rf8 30. Ng3 Nxd7 31. Nf5 Nf6 32. Kh1 Qxf3+ 33. Kg1 Qg4+ 34.
Ng3 Re8 0-1

[Event "Tournoi Skype 013A"]
[Site "Skype"]
[Date "????.??.??"]
[Round "5.16"]
[White "Legueltel, Daniel"]
[Black "Mordaa, Ahmad"]
[Result "1-0"]
[WhiteElo "1649"]
[BlackElo "1437"]
[PlyCount "71"]

1. d4 Nf6 2. c4 e5 3. dxe5 Ng4 4. Nf3 Nc6 5. b3 Ncxe5 6. Nxe5 Nxf2 7. Qd5 Qf6
8. Qxf7+ Qxf7 9. Nxf7 Bb4+ 10. Bd2 Bxd2+ 11. Kxf2 Rf8 12. Nxd2 Rxf7+ 13. Nf3 d6
14. e4 Bg4 15. h3 Bh5 16. Bd3 Bg6 17. Ke3 Kd7 18. Nh4 Rf6 19. Nxg6 Rxg6 20. g4
Rf6 21. Raf1 Raf8 22. g5 R6f7 23. Rxf7+ Rxf7 24. Rf1 Re7 25. b4 c6 26. a4 g6
27. Rf6 d5 28. cxd5 cxd5 29. Kd4 dxe4 30. Bxe4 b6 31. Bd5 Kc7 32. Rf7 Rxf7 33.
Bxf7 Kd7 34. Bg8 Ke7 35. Bxh7 Ke6 36. Bxg6 1-0

[Event "Tournoi Skype 013A"]
[Site "Skype"]
[Date "????.??.??"]
[Round "5.17"]
[White "L'Herbon De Lussats, Jean"]
[Black "Dal, Ibrahim"]
[Result "0-1"]
[WhiteElo "1495"]
[BlackElo "1645"]
[PlyCount "108"]

1. c4 e6 2. e4 c5 3. Nc3 Nc6 4. Nf3 g6 5. d4 cxd4 6. Nxd4 Bg7 7. Be3 Nge7 8.
Qd2 Nxd4 9. Bxd4 Bxd4 10. Qxd4 O-O 11. e5 Qa5 12. Qe3 Nc6 13. c5 Nb4 14. Kd2
Nd5 15. Qd4 Nxc3 16. Qxc3 Qc7 17. g3 b6 18. Bg2 Bb7 19. Bxb7 Qxb7 20. b4 bxc5
21. Qxc5 Rfc8 22. Qd4 Rc7 23. a3 Rac8 24. Rhc1 a6 25. Rxc7 Qxc7 26. Qb2 Qb6 27.
Ke2 Qb5+ 28. Ke3 Qb6+ 29. Ke2 Rc4 30. Rd1 Qc6 31. Kf1 Qh1+ 32. Ke2 Re4+ 33. Kd2
Qf3 34. Kc1 Rc4+ 35. Qc2 Rxc2+ 36. Kxc2 Qxf2+ 37. Rd2 Qe3 38. Rxd7 Qxa3 39. Rb7
Qa2+ 40. Kc3 Qxh2 41. Rb6 Qxg3+ 42. Kc4 Qxe5 43. Rxa6 Qe2+ 44. Kc5 Qxa6 45. b5
Qc8+ 46. Kb6 h5 47. Ka7 h4 48. b6 h3 49. b7 Qc7 50. Ka8 Qa5+ 51. Kb8 h2 52. Kc8
h1=Q 53. b8=Q Qc6+ 54. Qc7 Qcxc7# 0-1

[Event "Tournoi Skype 013A"]
[Site "Skype"]
[Date "????.??.??"]
[Round "5.18"]
[White "Antonic, Nenad"]
[Black "Trivedi, Viral"]
[Result "1-0"]
[WhiteElo "1486"]
[BlackElo "1509"]
[PlyCount "71"]

1. d4 Nf6 2. Nf3 c6 3. e3 d5 4. c4 e6 5. Bd3 Nbd7 6. O-O Bd6 7. Nbd2 Ng4 8. Re1
dxc4 9. Bxc4 Qc7 10. Nf1 Ndf6 11. h3 Nh6 12. e4 e5 13. dxe5 Bxe5 14. Nxe5 Qxe5
15. f4 Qc5+ 16. Ne3 Nxe4 17. Bd3 Ng3 18. Kh2 O-O 19. Kxg3 Be6 20. Qc2 Qxc2 21.
Bxc2 Rfd8 22. f5 Bd7 23. b3 g6 24. fxg6 hxg6 25. Nc4 Nf5+ 26. Bxf5 Bxf5 27. Ne3
Rd3 28. Kf2 Be4 29. Ng4 f5 30. Ne5 Rc3 31. Re2 Kg7 32. Nd7 Rd8 33. Bb2 Rxd7 34.
Bxc3+ Kh7 35. Rd2 Rxd2+ 36. Bxd2 1-0

[Event "Tournoi Skype 013A"]
[Site "Skype"]
[Date "????.??.??"]
[Round "5.19"]
[White "Joshi, Aryan"]
[Black "Grib, Johannes"]
[Result "0-1"]
[WhiteElo "1499"]
[BlackElo "1435"]
[PlyCount "46"]

1. e4 e5 2. Nf3 Nc6 3. Bc4 Bc5 4. c3 Nf6 5. d4 exd4 6. cxd4 Bb4+ 7. Nc3 Nxe4 8.
O-O Nxc3 9. bxc3 Bxc3 10. Ba3 d5 11. Rc1 Bb4 12. Bxb4 Nxb4 13. Qa4+ Nc6 14. Bb5
O-O 15. Bxc6 bxc6 16. Qxc6 Rb8 17. Qxc7 Ba6 18. Rfe1 Qf6 19. Qxa7 Bc4 20. Ne5
Ra8 21. Qb7 Rxa2 22. f3 Qg5 23. g3 Qd2 0-1

[Event "Tournoi Skype 013A"]
[Site "Skype"]
[Date "????.??.??"]
[Round "5.20"]
[White "Le Brun, Yves"]
[Black "Holtz, Steve"]
[Result "0-1"]
[WhiteElo "1589"]
[BlackElo "1503"]
[PlyCount "60"]

1. d4 Nf6 2. c4 d5 3. Nc3 Bf5 4. cxd5 Nxd5 5. Nxd5 Qxd5 6. e3 e6 7. Ne2 Nc6 8.
a3 Qd7 9. Ng3 Bg6 10. Be2 Be7 11. O-O Bh4 12. Qd2 h5 13. Bd3 Bxg3 14. Bxg6
Bxh2+ 15. Kxh2 fxg6 16. Qd3 Qf7 17. Bd2 O-O-O 18. f3 g5 19. Rf2 Qe7 20. Bc3
Rhf8 21. Kg1 g4 22. Kf1 Qh4 23. Ke2 Ne5 24. Qe4 gxf3+ 25. gxf3 Nxf3 26. Qxe6+
Kb8 27. Raf1 Ng1+ 28. Ke1 Rxf2 29. Rxf2 Nh3 30. Qf5 Nxf2 0-1

[Event "Tournoi Skype 013A"]
[Site "Skype"]
[Date "????.??.??"]
[Round "5.21"]
[White "Briere, Jean"]
[Black "Murolo, Antonio"]
[Result "1-0"]
[WhiteElo "1554"]
[BlackElo "1499"]
[PlyCount "85"]

1. e4 e6 2. d4 d5 3. Nc3 Bb4 4. e5 c5 5. a3 Bxc3+ 6. bxc3 c4 7. Be2 Ne7 8. Nh3
O-O 9. O-O h6 10. Nf4 Ng6 11. Bg4 Nxf4 12. Bxf4 g5 13. Bg3 Bd7 14. f4 f5 15.
exf6 Rxf6 16. fxg5 Rxf1+ 17. Qxf1 Qxg5 18. Qf4 Nc6 19. Rf1 Qxf4 20. Bxf4 Kg7
21. Bh5 Rf8 22. Bxh6+ Kxh6 23. Rxf8 Kxh5 24. Rf7 Nb8 25. g3 Kg6 26. Rf8 Nc6 27.
h4 e5 28. dxe5 Nxe5 29. Kg2 Kg7 30. Rf4 Bc6 31. Kf2 Nd3+ 32. cxd3 cxd3 33. Rd4
Bb5 34. Rxd5 Bc4 35. Rd4 b5 36. Ke3 a5 37. g4 Kg6 38. Kf4 a4 39. Rd6+ Kf7 40.
g5 Ke7 41. Rd4 Kf7 42. h5 b4 43. cxb4 1-0

[Event "Tournoi Skype 013A"]
[Site "Skype"]
[Date "????.??.??"]
[Round "5.22"]
[White "Loyarte, Frederic"]
[Black "Meaney, Mike"]
[Result "1-0"]
[WhiteElo "1547"]
[BlackElo "1503"]
[PlyCount "41"]

1. d4 e6 2. e4 d5 3. e5 c5 4. c3 Nc6 5. Bb5 Qb6 6. Bxc6+ bxc6 7. Ne2 Ne7 8. Qb3
Qc7 9. Bf4 Ba6 10. Qc2 cxd4 11. cxd4 Nf5 12. Nbc3 Qb6 13. Rd1 Bxe2 14. Nxe2 Rb8
15. O-O Be7 16. b3 O-O 17. Rd3 f6 18. exf6 Rb7 19. fxe7 Rxe7 20. Rc1 Rc7 21.
Bxc7 1-0

[Event "Tournoi Skype 013A"]
[Site "Skype"]
[Date "????.??.??"]
[Round "5.23"]
[White "Saponara, Jose Maria"]
[Black "Fouquereau, Andre"]
[Result "0-1"]
[WhiteElo "1499"]
[BlackElo "1537"]
[PlyCount "88"]

1. e4 e5 2. Nf3 d6 3. d4 exd4 4. Nxd4 Be7 5. Nc3 Nf6 6. Bd3 O-O 7. f4 c5 8. Nf3
Nbd7 9. O-O Qb6 10. Kh1 Qc6 11. Nd5 Nxd5 12. exd5 Qc7 13. Bxh7+ Kxh7 14. Ng5+
Bxg5 15. fxg5 g6 16. Rf4 Ne5 17. Rh4+ Kg7 18. Qf1 Bf5 19. Bd2 Rh8 20. Rf4 Kg8
21. Rxf5 gxf5 22. Qxf5 Rh7 23. Rf1 Qd7 24. Bc3 Qxf5 25. Rxf5 Ng4 26. h3 Ne3 27.
Rf6 Nxd5 28. Rxd6 Nxc3 29. bxc3 Rh4 30. Kh2 Ra4 31. g6 fxg6 32. Rxg6+ Kh7 33.
Rd6 Rxa2 34. Rd7+ Kg6 35. Rxb7 Rxc2 36. Rb3 a5 37. h4 a4 38. Ra3 c4 39. Kh3 Rb2
40. Ra1 a3 41. g4 a2 42. h5+ Kg5 43. Rf1 Ra5 44. Rf8 a1=Q 0-1

[Event "Tournoi Skype 013A"]
[Site "Skype"]
[Date "????.??.??"]
[Round "5.24"]
[White "Grimwood, Robert"]
[Black "Malbec, Robert"]
[Result "0-1"]
[WhiteElo "1487"]
[BlackElo "1520"]
[PlyCount "84"]

1. d4 d5 2. Nf3 Nf6 3. c4 c6 4. Bf4 Bg4 5. e3 e6 6. a3 Be7 7. Bd3 dxc4 8. Bxc4
b5 9. Ba2 Nbd7 10. O-O O-O 11. Nc3 a5 12. Qc2 Bxf3 13. gxf3 Nh5 14. Bg3 Bh4 15.
Ne4 Bxg3 16. hxg3 Nhf6 17. Nxf6+ Nxf6 18. Qxc6 Rb8 19. Qc2 h6 20. Rad1 Qb6 21.
e4 b4 22. Rd3 Rfc8 23. Qb1 Qb5 24. axb4 axb4 25. b3 Rc3 26. Rxc3 bxc3 27. Qc2
Rc8 28. Re1 Qh5 29. Kg2 Qg5 30. Re3 Qa5 31. Kf1 Qb5+ 32. Ke1 Qb4 33. Bb1 Qa5
34. Ba2 g6 35. Rd3 e5 36. dxe5 Qxe5 37. Ke2 Qa5 38. Ke3 Qb6+ 39. Ke2 Qb5 40. g4
Ne8 41. Ke3 Qb6+ 42. Ke2 Nd6 0-1

[Event "Tournoi Skype 013A"]
[Site "Skype"]
[Date "????.??.??"]
[Round "5.25"]
[White "Saidi, Bhen"]
[Black "Galani, Mahendra"]
[Result "1-0"]
[WhiteElo "1452"]
[BlackElo "1519"]
[PlyCount "65"]

1. d4 d5 2. c4 e6 3. e3 Nf6 4. Bd3 dxc4 5. Bxc4 Ne4 6. Nf3 Bb4+ 7. Bd2 Nxd2 8.
Nbxd2 a6 9. Ne5 Qf6 10. Qa4+ b5 11. Bxb5+ c6 12. Bxc6+ Nxc6 13. Qxc6+ Bd7 14.
Qxa8+ Qd8 15. Qxa6 Bxd2+ 16. Kxd2 O-O 17. Qa7 Bc8 18. Rac1 f6 19. Nc6 Qd6 20.
Ne7+ Kh8 21. Nxc8 Qb4+ 22. Ke2 Qxb2+ 23. Kf3 Qb5 24. Rc5 Qe8 25. Nd6 Qg6 26.
Qe7 Rb8 27. Nf7+ Kg8 28. Qxe6 Qxf7 29. Qxf7+ Kxf7 30. Rhc1 g5 31. a4 Rg8 32. g4
Kg6 33. Rc8 1-0

[Event "Tournoi Skype 013A"]
[Site "Skype"]
[Date "????.??.??"]
[Round "5.27"]
[White "Prasad Singh, Ambika"]
[Black "Dubois, Real"]
[Result "1-0"]
[WhiteElo "1484"]
[BlackElo "1543"]
[PlyCount "93"]

1. e4 e5 2. Nf3 d6 3. Bc4 Be7 4. d4 exd4 5. Nxd4 Nf6 6. Nc3 Nbd7 7. O-O O-O 8.
Re1 Ne5 9. Bb3 Bd7 10. f4 Nc6 11. e5 dxe5 12. fxe5 Ne8 13. Kh1 Kh8 14. e6 fxe6
15. Nxe6 Bxe6 16. Bxe6 Qxd1 17. Rxd1 Nf6 18. Bf4 Bd8 19. Nb5 Ne8 20. g3 a6 21.
Nc3 Ne7 22. Rd7 Ng6 23. Be3 Ne5 24. Rdd1 Bf6 25. Rf1 Rd8 26. Rad1 Nd6 27. Bc5
Rfe8 28. Bb3 Ng4 29. Rde1 Rxe1 30. Rxe1 Ne5 31. Nd5 Nf3 32. Re2 Nd4 33. Bxd4
Bxd4 34. c3 Bf6 35. Nxc7 Nc8 36. Nd5 Ne7 37. Nxf6 Rf8 38. Rxe7 gxf6 39. Rxb7 f5
40. Rf7 Rxf7 41. Bxf7 Kg7 42. Bc4 a5 43. a4 Kg6 44. Kg2 h6 45. Kf3 Kg5 46. h3
h5 47. Bd3 1-0

[Event "Tournoi Skype 013A"]
[Site "Skype"]
[Date "????.??.??"]
[Round "6.1"]
[White "Plourde, Alain"]
[Black "Patra Kumar, Subhendu"]
[Result "1-0"]
[WhiteElo "1878"]
[BlackElo "1671"]
[PlyCount "45"]

1. d4 d5 2. c4 e6 3. Nc3 Nf6 4. Bg5 Nbd7 5. e3 Bb4 6. Bd3 c5 7. Nf3 Qa5 8. Qc2
dxc4 9. Bxc4 Ne4 10. Qxe4 Bxc3+ 11. Ke2 Bxb2 12. Rab1 Bc3 13. Rhd1 cxd4 14.
exd4 O-O 15. Be7 Re8 16. Bd6 Qd8 17. Bb5 Ba5 18. Rdc1 Bb6 19. Qf4 Kh8 20. Qxf7
Rg8 21. Qe7 Qe8 22. Qxe8 Rxe8 23. Ne5 1-0

[Event "Tournoi Skype 013A"]
[Site "Skype"]
[Date "????.??.??"]
[Round "6.2"]
[White "Altinok, Kerim"]
[Black "Karlsen, Christian"]
[Result "0-1"]
[WhiteElo "1883"]
[BlackElo "1714"]
[PlyCount "94"]

1. d4 g6 2. c4 Bg7 3. Nc3 c5 4. d5 d6 5. e4 Nd7 6. Nf3 Ne5 7. Nxe5 Bxe5 8. Bd3
Nf6 9. Be3 O-O 10. Qd2 a6 11. f4 Bd4 12. Bxd4 cxd4 13. Ne2 e5 14. dxe6 fxe6 15.
Nxd4 e5 16. fxe5 Nxe4 17. Bxe4 Qh4+ 18. Kd1 Qxe4 19. Re1 Bg4+ 20. Kc1 Qf4 21.
exd6 Qxd6 22. Nf3 Qc5 23. Qd5+ Qxd5 24. cxd5 Bxf3 25. gxf3 Rxf3 26. Kd2 Rf5 27.
Kc3 Rxd5 28. Re7 Rc8+ 29. Kb3 b6 30. Rae1 Rd3+ 31. Kb4 Rd2 32. R1e2 Rcc2 33.
Rxd2 Rxd2 34. Kc3 Rxh2 35. Re6 g5 36. Rxb6 g4 37. Rxa6 g3 38. Ra5 h6 39. Ra4 g2
40. Rg4+ Kf7 41. a4 h5 42. Rg5 h4 43. Kc4 h3 44. a5 Rh1 45. a6 g1=Q 46. Rxg1
Rxg1 47. a7 Ra1 0-1

[Event "Tournoi Skype 013A"]
[Site "Skype"]
[Date "????.??.??"]
[Round "6.3"]
[White "Brun, Jacques"]
[Black "Janssen, Gerard"]
[Result "1-0"]
[WhiteElo "1831"]
[BlackElo "1681"]
[PlyCount "107"]

1. e4 c5 2. Nf3 d6 3. d4 cxd4 4. Qxd4 Nc6 5. Bb5 Bd7 6. Bxc6 Bxc6 7. Nc3 e5 8.
Qd3 Nf6 9. Bg5 Be7 10. O-O-O Qb6 11. Bh4 O-O-O 12. Rhf1 h6 13. h3 g5 14. Bg3
Nh5 15. Nd2 a6 16. Nd5 Bxd5 17. Qxd5 Rhf8 18. Nc4 Qc6 19. Qd3 Kb8 20. Ne3 Rfe8
21. Nd5 Bf8 22. Qf3 Nf4 23. h4 Re6 24. hxg5 hxg5 25. Rh1 Bh6 26. Kb1 Qc4 27.
Rhe1 Rc8 28. Ne3 Qc6 29. c3 Rg6 30. Nf5 Bf8 31. Bxf4 gxf4 32. Rh1 Ka7 33. Rh8
a5 34. Rd5 b6 35. Rh7 Rc7 36. Rh8 Bg7 37. Rg8 Bf6 38. Rxg6 fxg6 39. Rxd6 Qc4
40. Rxf6 gxf5 41. exf5 Rc5 42. Rf8 a4 43. Rd8 a3 44. Rd7+ Ka6 45. Qd3 axb2 46.
Kxb2 Rb5+ 47. Ka1 Qa4 48. Rd5 Qa5 49. Rxb5 Qxb5 50. Qxb5+ Kxb5 51. Kb2 Kc4 52.
Kc2 b5 53. g3 fxg3 54. fxg3 1-0

[Event "Tournoi Skype 013A"]
[Site "Skype"]
[Date "????.??.??"]
[Round "6.4"]
[White "Dal, Ibrahim"]
[Black "Sanchez Munoz, Carlos Andres"]
[Result "1-0"]
[WhiteElo "1645"]
[BlackElo "1790"]
[PlyCount "43"]

1. d4 d5 2. Nf3 Nf6 3. c4 c6 4. Nc3 e6 5. Bg5 h6 6. Bxf6 Qxf6 7. e3 Bd6 8. Bd3
Nd7 9. O-O O-O 10. cxd5 exd5 11. e4 dxe4 12. Nxe4 Qe7 13. Re1 Bb4 14. Re3 Nf6
15. Nxf6+ Qxf6 16. Qb3 Ba5 17. Ne5 Qe6 18. Bc4 Qf6 19. Rf3 Qe7 20. Rxf7 Rxf7
21. Bxf7+ Kh7 22. Qd3+ 1-0